| 000 | 00772nam a22002057a 4500 | ||
|---|---|---|---|
| 999 |
_c11871 _d11871 |
||
| 008 | 190111b ||||| |||| 00| 0 eng d | ||
| 020 | _a978-1-284-10631-2 | ||
| 082 |
_22018 _aDC 624.076 _bW930 |
||
| 100 |
_aWright, Warren S. _933769 |
||
| 245 |
_aStudent solutions manual to accompany advanced engineering mathematics/ _cWarren S. Wright, Roberto Martinez & Dennis G. Zill |
||
| 250 | _a6th edition | ||
| 260 |
_aBurlington: _bJones & Bartleet Learning , _c©2018 |
||
| 300 |
_avii, 455 pages : _billustrations ; _c 28 cm |
||
| 650 |
_aEngineering mathematics _xProblems, exercises, etc. _933770 |
||
| 650 |
_aEngineering mathematics. _933771 |
||
| 700 |
_aMartinez, Roberto _933772 |
||
| 700 |
_aZill, Dennis G. _931205 |
||
| 365 |
_b5,295.00 _cPhp. |
||
| 942 |
_2ddc _cDC |
||